Statistics for Irish Players Transfer Winter 2023

Click here to take the quiz!

General Stats

  • This quiz has been taken 2 times
  • The average score is 3 of 40

Answer Stats

AnswerFromToFee% Correct
Aaron ConnollyBrighton & Hove AlbionHull CityLoan
100%
Kevin LongBurnleyBirmingham CityFree
50%
Matt DohertyTottenham HotspursAtletico Madrid (Spain)Free
50%
Michael ObafemiSwansea City (Wales)BurnleyLoan
50%
Thomas CannonEvertonPreston North EndLoan
50%
Aidan KeenaSligo Rovers (Ireland)Cheltenham TownUndisclosed
0%
Aiden O'BrienShrewbury TownGillinghamLoan
0%
Aidomo EmakhuShamrock Rovers (Ireland)MillwallUndisclosed
0%
Andy LyonsShamrock Rovers (Ireland)BlackpoolFree
0%
Anthony O'ConnorMorecambeHarrogate TownFree
0%
Barry CotterShamrock Rovers (Ireland)BarnsleyUndisclosed
0%
Ciaran KellyBohemians (Ireland)Bradford CityFree
0%
Conor CoventryWest Ham UnitedRotherham UnitedLoan
0%
Conor MastersonQueens Park RangersGillinghamLoan
0%
Corrie NdabaIpswich TownFleetwood TownLoan
0%
Daniel OkwuteKerry (Ireland)Stockport CountyUndisclosed
0%
Dara CostelloeBurnleyBradford CityLoan
0%
Daryl HorganWycombe WanderersStevenageLoan
0%
David HarringtonCork City (Ireland)Fleetwood TownUndisclosed
0%
Dylan DuffyUCD (Ireland)Lincoln CityUndisclosed
0%
Fiachra PagelForest Green RoversDrogheda UnitedLoan
0%
Fiachra PagelDrogheda United (Ireland)Forest Green RoversUndisclosed
0%
Fiacre KelleherBradford CityColchester UnitedUndisclosed
0%
Gavin KilkennyAFC BournemouthCharlton AthleticLoan
0%
Glen ReaLuton TownCheltenham TownLoan
0%
Harry CharsleyPort ValeNewport County (Wales)Undisclosed
0%
James BrownBlackburn RoversDoncaster RoversLoan
0%
Jamie MullinsBohemians (Ireland)Brighton & Hove AlbionUndisclosed
0%
Kieran SadlierBolton WanderersLeyton OrientLoan
0%
Killian PhilipsCrystal PalaceShrewsbury TownLoan
0%
Luke McNallyBurnleyCoventry CityLoan
0%
Neil ByrneTranmere RoversStockport CountyUndisclosed
0%
Olamide ShodipoQueens Park RangersLincoln CityLoan
0%
Rory FeelyBohemians (Ireland)BarrowUndisclosed
0%
Sean MaguirePreston North EndCoventry CityFree
0%
Shane McLoughlinMorecambeSalford CityFree
0%
Stephan NegruShelbourne (Ireland)Oxford UnitedFree
0%
Tony SpringettNorwich CityDerby CountyLoan
0%
Trevor ClarkeBristol RoversShamrock Rovers (Ireland)Loan
0%
Will HondermarckBarnsleyNorthampton TownLoan
0%

Score Distribution

Percentile by Number Answered

Percent of People with Each Score

Your Score History

You have not taken this quiz